| 000 | 00880cad a22002055a 4500 | ||
|---|---|---|---|
| 001 | L157250 | ||
| 008 | 121005e20121001xxk f 000 0 eng d | ||
| 035 | _a(Sirsi) u157250 | ||
| 041 | 0 | _aeng | |
| 100 | 1 | _aDonnell, Richard | |
| 245 | 0 | 0 | _aTime to sell jumps as housing demand weakens[electronic resource] |
| 260 | _c2012 | ||
| 490 | 0 |
_aHometrack Monthly National Housing Survey _v1 October 2012 |
|
| 520 | _aHouse prices fell by 0.1% in September. Pricing will remain under slow downward pressure but a tightening in supply will limit the scale price falls in the short term. | ||
| 590 | _aKA | ||
| 651 | 4 |
_aUnited Kingdom _y |
|
| 690 |
_aResidential property _96266 |
||
| 856 | 4 | 0 |
_uhttps://www.hometrack.co.uk/our-insight/monthly-national-house-price-survey/time-to-sell-jumps-as-housing-demand-weakens _zView this item free of charge at www.hometrack.co.uk |
| 942 | _n0 | ||
| 999 |
_c114677 _d114677 |
||